Statistics for Countries of Europe - East to West

Click here to take the quiz!

General Stats

  • This quiz has been taken 221 times
  • The average score is 32 of 45

Answers on the Map

Answers color-coded by a green-red scale on the quiz's map according to % correct below.
Loading ...
 

Answer Stats

Easterly PointCountry% Correct
Russia
100%
Ukraine
99%
32°46'EBelarus
97%
31°35'17" EFinland
93%
Moldova
91%
Norway
90%
Romania
90%
29°38'EGreece
83%
28°36'EBulgaria
82%
28°12'36"EEstonia
79%
Latvia
79%
Lithuania
79%
Serbia
79%
Poland
78%
Sweden
78%
22°55'EHungary
77%
21°47'EKosovo
75%
Macedonia
75%
Slovakia
75%
21°4'6"EAlbania
73%
19°30'EBosnia and
Herzegovina
73%
Montenegro
73%
19°27'ECroatia
72%
18°51'32"ECzech Republic
70%
17°9'38"EAustria
68%
18°31'EItaly
68%
16°36'ESlovenia
68%
15°2'EGermany
66%
15°11'EDenmark
65%
San Marino
63%
14°34'11"EMalta
62%
1°46′EUnited Kingdom
62%
Vatican City
62%
Ireland
61%
Switzerland
61%
Liechtenstein
60%
Iceland
59%
Portugal
59%
France
58%
Spain
58%
6°22'EBelgium
56%
1°47'10" EAndorra
55%
Monaco
55%
Netherlands
55%
Luxembourg
54%

Score Distribution

Percentile by Number Answered

Percent of People with Each Score

Your Score History

You have not taken this quiz